One Piece tous les Lieux - Statistiques

Statistiques générales
  • Ce quiz a été pris 185 fois
    27 depuis la dernière actualisation
  • Le résultat moyen est 43 sur 337
Statistiques - réponses
Mer Type de Lieu Réponse % Correct
Paradis Île Île de Drum
89%
Paradis Archipel Archipel Sabaody
78%
East Blue Bateau Baratie
78%
Nouveau Monde Île Pays de Wano / Pays des Wa
78%
Calm Belt Île Amazon Lily
67%
East Blue Parc Arlong Park
67%
East Blue Village Cocoyasi / Kokoyashi
67%
Nouveau Monde Île Elbaph / Erbaf
67%
Paradis Île Enies Lobby
67%
Calm Belt Prison Impel Down
67%
Paradis Île Marineford
67%
Nouveau Monde Île Onigashima
67%
East Blue Ville Orange Town
67%
Paradis Royaume Royaume d'Alabasta / Arabasta
67%
East Blue Royaume Royaume de Goa
67%
East Blue Village Shells Town
67%
East Blue Village Syrup / Sirop
67%
West Blue Île Bateau Thriller Bark
67%
Paradis Île Water Seven
67%
Nouveau Monde Île Whole Cake Island / Île Tougato
67%
Nouveau Monde Base de la Marine G-5
56%
Fond Marin Île Île des Hommes-Poissons
56%
Paradis Île Jaya
56%
East Blue Ville Loguetown
56%
Red Line Terre Sainte Mary Geoise / Marie Joie
56%
Nouveau Monde Île Punk Hazard
56%
North Blue Royaume Royaume de Germa
56%
Mer Blanche Île Céleste Skypiea
56%
Paradis Ville Whisky Peak / Whiskey Peak
56%
Paradis Ville Alubarna
44%
Nouveau Monde Île Dressrosa
44%
Nouveau Monde Île Egghead
44%
East Blue Village Foosha / Fuchsia
44%
Paradis Base de la Marine G-1
44%
Paradis Base de la Marine G-2
44%
East Blue Décharge Grey Terminal
44%
East Blue Île Île de Dawn
44%
Paradis Île Little Garden
44%
Paradis Île Long Ring Long Land
44%
East Blue Montagne Mt. Colubo / Mont Corvo
44%
Nouveau Monde Île Zou
44%
Paradis Archipel Archipel de Boin
33%
Grand Line Île Baltigo
33%
Red Line Cap Cap des Jumeaux
33%
Grand Line Base de la Marine G-3
33%
Grand Line Base de la Marine G-4
33%
Nouveau Monde Base de la Marine G-9
33%
West Blue Île God Valley
33%
Nouveau Monde Île Green Bit
33%
Nouveau Monde Ville Green Town
33%
Nouveau Monde Région Kuri
33%
Paradis Ville Mock Town
33%
Paradis Royaume Royaume de Lulusia
33%
South Blue Royaume Royaume de Sorbet
33%
East Blue Village Shimotsuki
33%
Nouveau Monde Archipel Totto Land
33%
East Blue Archipel Archipel Conomi / Konomi
22%
East Blue Archipel Archipel des Gecko / Gekko
22%
Paradis Pays Baldimore
22%
South Blue Île Baterilla
22%
Nouveau Monde Région Capitale des Fleurs
22%
North Blue Ville Flevance
22%
Grand Line Base de la Marine G-11
22%
Nouveau Monde Base de la Marine G-14
22%
Nouveau Monde Île Hachinosu / Île de Ruche
22%
East Blue Île Île de Chinjû / Île des Animaux Rares
22%
Paradis Île Île de Kuraigana / Obscuria
22%
Paradis Île Île de Kyuka
22%
North Blue Île Île de Minion
22%
Nouveau Monde Île Île de Raijin
22%
Paradis Île Île de Saboten / Île aux Cactus
22%
North Blue Île Île de Swallow
22%
Nouveau Monde Île Laugh Tale
22%
Paradis Ville Nanohana
22%
Nouveau Monde Île New Marineford
22%
West Blue Île Ohara
22%
Red Line Montagne Reverse Mountain
22%
Paradis Royaume Royaume de Kamabakka / Kedétrav
22%
Paradis Royaume Royaume de Sakura
22%
East Blue Royaume Royaume d'Oykot
22%
South Blue Royaume Royaume Torino / Dézoizo
22%
Calm Belt Île Rusukaina / Ruskaina
22%
East Blue Pont Tequila Wolf
22%
Paradis Zone Maritime Triangle de Florian
22%
Nouveau Monde Région Udon
22%
Mer Blanche Partie d'Île Céleste Upper Yard
22%
Mer Blanche Île Céleste Wheatheria
22%
East Blue Base de la Marine 153ème Branche
11%
East Blue Base de la Marine 16ème Branche
11%
East Blue Base de la Marine 77ème Branche
11%
West Blue Base de la Marine 80ème Branche
11%
East Blue Archipel Archipel des Organ / Orgao
11%
Paradis Village Bighorn
11%
Inconnu Pont Bourbon Wolf
11%
South Blue Île Centaurea
11%
Red Line Château Château de Pangaea
11%
Fond Marin District District des Hommes-Poissons
11%
Paradis Montagne Drum Rockies
11%
Nouveau Monde Village Ebisu
11%
Paradis Ville Erumalu / Elmar la Ville Verte
11%
Espace La Lune Fairy Vearth
11%
Nouveau Monde Île Foodvalten
11%
Nouveau Monde Forêt Forêt de la Baleine
11%
Nouveau Monde Forêt Forêt de la Tentation
11%
East Blue Forêt Forêt du Milieu
11%
East Blue Village Gosa
11%
Paradis Ville Gyasta
11%
Nouveau Monde Île Île Cacao
11%
Nouveau Monde Île Île de Applenine
11%
Paradis Île Île de Banaro
11%
Nouveau Monde Île Île de Broc Coli
11%
Paradis Île Île de de Kenzan
11%
Paradis Île Île de Foolshout
11%
East Blue Île Île de Goat
11%
Nouveau Monde Île Île de Karai Bari / Lacrahn-Ri
11%
Nouveau Monde Île Île de Mystoria
11%
Nouveau Monde Île Île de Risky Red
11%
North Blue Île Île de Rubeck
11%
Paradis Île Île de Sandy
11%
Nouveau Monde Île Île de Winner
11%
East Blue Île Île de Yotsuba
11%
South Blue Île Île du Karaté
11%
Paradis Ville Katorea
11%
West Blue Île Las Camp
11%
East Blue Île Mirror Ball Island
11%
North Blue Ville Notice
11%
West Blue Île Pays de Kano / Pays des Fleurs
11%
Planète La Terre Planète Bleue
11%
Inconnu Pôle Pôle Nord
11%
Inconnu Pôle Pôle Sud
11%
Paradis Ville Rainbase
11%
Paradis Ville Robelle
11%
West Blue Royaume Royaume de Ballywood
11%
South Blue Royaume Royaume de Briss
11%
Nouveau Monde Royaume Royaume de Doerena / Grocador
11%
Paradis Royaume Royaume de Harahettania / Crevardie
11%
North Blue Royaume Royaume de Lvneel
11%
Nouveau Monde Royaume Royaume de Majiatsuka
11%
Nouveau Monde Royaume Royaume de Prodence
11%
Nouveau Monde Royaume Royaume des Cieux
11%
Nouveau Monde Royaume Royaume des Morts
11%
West Blue Royaume Royaume d'Ilisia
11%
Nouveau Monde Royaume Royaume du Soleil
11%
Nouveau Monde Royaume Royaume Tontatta
11%
Paradis Rivière / Désert Sandora
11%
Nouveau Monde Île Sphinx
11%
North Blue Ville Spider Miles
11%
Paradis Tombeau Tombeau des Rois
11%
West Blue Île Toroa
11%
Paradis Ville Yuba
11%
Nouveau Monde Ville Acacia
0%
Inconnu Mer All Blue
0%
Nouveau Monde Ville Amigasa
0%
Inconnu Royaume Ancien Royaume
0%
Mer Blanche Partie d'Île Céleste Angel Island
0%
East Blue Archipel Archipel Polestar
0%
Fond Marin Baie Baie des Sirènes
0%
Nouveau Monde Ville Bakura
0%
Nouveau Monde Ville Balsa
0%
Mer Blanche Île Céleste Birka / Bilca
0%
Nouveau Monde Ville Butter Town
0%
Nouveau Monde Ville Carta
0%
Nouveau Monde Ville Cheese Town
0%
Nouveau Monde Ville Chips Town
0%
Nouveau Monde Ville Chocolat Town
0%
Inconnu Cité Cité d'Émeraude
0%
Mer Blanche Cité Cité d'Or de Shandora
0%
Paradis Village Cocoa Weed
0%
Nouveau Monde Ville Cookie Town
0%
Fond Marin Ville Coral Hill
0%
East Blue Île Cozia
0%
Nouveau Monde Ville Deco Town
0%
Red Line Domaine Domaine des Dieux
0%
North Blue Île Downs
0%
Nouveau Monde Mer Edd War
0%
Inconnu Île Elegia
0%
Nouveau Monde Île Enishi
0%
Nouveau Monde Ville Essence Town
0%
Nouveau Monde Ville Fancy Town
0%
Inconnu Monastère Foot Colony / Monastère d'Ar Nakh
0%
Nouveau Monde Forêt Forêt du Flanc Droit
0%
Nouveau Monde Forêt Forêt du Posterieur Droit
0%
Fond Marin Forêt Forêt Marine
0%
Nouveau Monde Ville Fukkura Town
0%
Nouveau Monde Ville Fuwarin Town
0%
Nouveau Monde Ville Gin Town
0%
Grand Line Base de la Marine G-S
0%
Paradis Île Guanhao
0%
Fond Marin Ville Gyoverly Hills / Beverly Fish
0%
Nouveau Monde Région Hakumai
0%
Nouveau Monde Ville Hakuriki Town
0%
Nouveau Monde Village Haugen
0%
Paradis ou Mer Blanche Mont Highwest
0%
Nouveau Monde Île Île 100%
0%
Nouveau Monde Île Île Biscuits
0%
Nouveau Monde Île Île Black / Île Noire
0%
Nouveau Monde Île Île Candy / Île Bonbon
0%
Nouveau Monde Île Île Cheese / Île Fromage
0%
Nouveau Monde Île Île Cutlery / Île Couverts
0%
Nouveau Monde Île Île de Gartel
0%
Paradis Île Île de Karakuri
0%
East Blue Île Île de Kumate
0%
Nouveau Monde Île Île de Loadstar
0%
North Blue Île Île de Micqueot
0%
Paradis Île Île de Momoiro / Île Rose
0%
Paradis Île Île de Namakura
0%
Paradis Île Île de Nanimonai
0%
South Blue Île Île de Samuwanai / Pafrisquet
0%
West Blue Île Île de Soja
0%
Paradis Île Île de Ukkari Onsen
0%
Nouveau Monde Île Île de Yukiryu
0%
Nouveau Monde Île Île Flavor / Île Saveur
0%
Nouveau Monde Île Île Fruits / Île aux Fruits
0%
Nouveau Monde Île Île Funwari / Île Moelleuse
0%
Nouveau Monde Île Île Futoru / Île Obèse
0%
Nouveau Monde Île Île Ice / Île Glace
0%
Nouveau Monde Île Île Jam / Île Confiture
0%
Nouveau Monde Île Île Jelly / Île Gelée
0%
Nouveau Monde Île Île Kibo / Île Livure
0%
Nouveau Monde Île Île Kimi / Île Jaune d'Œuf
0%
Nouveau Monde Île Île Kinko / Île Coffre
0%
Nouveau Monde Île Île Komugi / Île Blé
0%
Nouveau Monde Île Île Liqueur
0%
Nouveau Monde Île Île Loving / Île Amour
0%
Nouveau Monde Île Île Margarine
0%
Nouveau Monde Île Île Milenge / Île Meringue
0%
Nouveau Monde Île Île Noko / Île Épaisse
0%
Nouveau Monde Île Île Nuts / Île aux Noix
0%
Nouveau Monde Île Île Package / Île Paquet
0%
Nouveau Monde Île Île Piepie / Île Tourte
0%
Nouveau Monde Île Île Poripori / Île Croquante
0%
Nouveau Monde Île Île Potato / Île Patate
0%
Nouveau Monde Île Île Rokumitsu / Île Miel
0%
Nouveau Monde Île Île Sanshoku / Île Tricolore
0%
Paradis Île Île Scrap
0%
Nouveau Monde Île Île Tanega / Île Graine
0%
Nouveau Monde Île Île Topping / Île Garniture
0%
Nouveau Monde Île Île Unique
0%
Nouveau Monde Île Île Yakigashi / Île Gâteau
0%
Nouveau Monde Ville Kaju Town
0%
Nouveau Monde Région Kibi
0%
Nouveau Monde Ville Kossori Town
0%
Nouveau Monde Ville Kubo Town
0%
North Blue Village Kuen
0%
Nouveau Monde Ville Kurau
0%
South Blue Île Kutsukku
0%
Nouveau Monde Ville Love Town
0%
Nouveau Monde Ville Mame Mame Town
0%
Nouveau Monde Marais Marais Obscur
0%
Paradis Île Merveille
0%
Nouveau Monde Ville Mix Town
0%
Paradis Baie Mouth Bay
0%
Nouveau Monde Ville Muringe Town
0%
Inconnu Île Nakrowa
0%
Nouveau Monde Ville Nanamitsu Town
0%
Nouveau Monde Ville Nuuru Town
0%
Nouveau Monde Village Okobore / Village des Restes
0%
Nouveau Monde Ville Oshimuna Town
0%
Au-dessus de Red Line Pays Pays des Dieux / Pays de Kami
0%
Inconnu Pays Pays des Glaces / Pays de Kôri
0%
Inconnu Île Pays de Yano
0%
Nouveau Monde Ville Peanuts Town
0%
Nouveau Monde Ville Perori Town
0%
Fond Marin Place Place Gyoncorde / Place de la Thoncorde
0%
North Blue Ville Pleasure Town
0%
Nouveau Monde Île Port Chibaralta
0%
Nouveau Monde Ville Primula
0%
Paradis Ville Pucci / Petit
0%
Nouveau Monde Ville Punch Town
0%
Nouveau Monde Ville Pururun Town
0%
North Blue Ville Rakesh
0%
Nouveau Monde Ville Rasetsu
0%
Paradis Île Renaisse
0%
Inconnu Pont Rhum Wolf
0%
Nouveau Monde Région Ringo
0%
Grand Line Royaume Royaume d'Aoi
0%
Inconnu Royaume Royaume de Beef
0%
Inconnu Royaume Royaume de Bestland
0%
South Blue Royaume Royaume de Black Drum
0%
Grand Line Royaume Royaume de Bourgeois
0%
Nouveau Monde Royaume Royaume de Bunt
0%
Inconnu Royaume Royaume de Cameron
0%
Inconnu Royaume Royaume de Czacho / Chaco
0%
North Blue Royaume Royaume de Deul
0%
East Blue Royaume Royaume de Frauce
0%
Inconnu Royaume Royaume de Gingaball
0%
Grand Line Royaume Royaume d'Eigis / Royaume Yuni
0%
Inconnu Royaume Royaume de Jambalaya
0%
Nouveau Monde Royaume Royaume de Mogaro
0%
East Blue Royaume Royaume de Nagagutsu / Botte
0%
Inconnu Royaume Royaume de Pepe
0%
Inconnu Royaume Royaume de Ringo
0%
Inconnu Royaume Royaume de Rommel
0%
South Blue Royaume Royaume de Roshwan
0%
South Blue Royaume Royaume de Samba
0%
East Blue Royaume Royaume de Satsuruzo
0%
Paradis Royaume Royaume de Shikkearu / Seglok
0%
Inconnu Royaume Royaume de South Fire
0%
Nouveau Monde Royaume Royaume de Standing
0%
Nouveau Monde Royaume Royaume de Tajine
0%
South Blue Royaume Royaume de Taya
0%
Paradis Royaume Royaume de Tehna Gehna
0%
South Blue Royaume Royaume de Vespa
0%
Paradis Royaume Royaume de Vodka
0%
Nouveau Monde Royaume Royaume de Warland
0%
North Blue Royaume Royaume de Whiteland
0%
Fond Marin Royaume Royaume Ryugu
0%
Inconnu Royaume Royaume Shishano
0%
Paradis Parc Sabaody Park
0%
Nouveau Monde Ville Sakkuri Town
0%
East Blue Région Sambas
0%
Paradis Ville San Faldo
0%
Nouveau Monde Ville Sebio
0%
Nouveau Monde Ville Seed Town
0%
Grand Line Port Shade Port
0%
Red Line Temple Shangara
0%
Nouveau Monde Ville Sherbet Town
0%
Paradis Gare Shift Station
0%
Nouveau Monde Ville Shiromi Town
0%
Nouveau Monde Ville Shiwake Town
0%
East Blue Île Sixis
0%
Paradis Forêt South Grave
0%
Paradis Ville St. Poplar
0%
Paradis Ville Suiren
0%
Nouveau Monde Ville Sweet City
0%
Nouveau Monde Ville Table Town
0%
Paradis Ville Tamarisk
0%
Mer Blanche Île Céleste Terminal des Ballons
0%
South Blue Pays Tumi
0%
Nouveau Monde Village Village de l'Ouest
0%
Nouveau Monde Village Village des Artisans
0%
Nouveau Monde Village Village des Brasseurs
0%
Nouveau Monde Village Village des Chasseurs
0%
Nouveau Monde Village Village des Pêcheurs
0%
Grand Line Île Vira / Vila
0%
Inconnu Pont Vodka Wolf
0%
Nouveau Monde Ville White Town
0%
Aucun quiz correspondant
Distribution des résultats
% des personnes avec chaque résultat
Percentile par nombre de réponses
Votre historique - résultats
Vous n’avez pas pris ce quiz depuis la dernière actualisation